Name the band from the members - Statistics

General Stats
  • This quiz has been taken 36 times
  • The average score is 11 of 24
Answer Stats
Picture Answer % Correct
The Beatles
100%
Queen
94%
Green Day
76%
Foo Fighters
73%
Oasis
73%
One Direction
70%
Rolling Stones
67%
Red Hot Chilli Peppers
61%
Weezer
52%
Blink-182
48%
Linkin Park
48%
Ramones
45%
System of a Down
42%
The Clash
36%
Fall Out Boy
33%
Muse
30%
My Chemical Romance
30%
The Offspring
30%
Sum 41
24%
Depeche Mode
21%
The Killers
21%
Bowling For Soup
15%
Kaiser Chiefs
15%
Bastille
3%
No matching quizzes found
Score Distribution
Percent of People with Each Score
Percentile by Number Answered
Your Score History
You have not taken this quiz